[Event "16th EUR-ch"]
[Site "Jerusalem ISR"]
[Date "2015.02.24"]
[Round "1"]
[White "Potkin, Vladimir"]
[Black "Vaisberg, Michael"]
[Result "1-0"]
[WhiteElo "2605"]
[BlackElo "2136"]
[EventDate "2015.02.24"]
[PlyCount "67"]

1.d4 d5 2.c4 c6 3.Nc3 e6 4.Nf3 f5 5.Bf4 Nf6 6.e3 Be7 7.Be2 O-O 8.O-O Ne4 
9.h3 Nd7 10.Qc2 Ndf6 11.Ne5 Bd7 12.Rab1 Be8 13.c5 g5 14.Bh2 Nd7 15.Nxe4 
fxe4 16.b4 Nxe5 17.Bxe5 a6 18.a4 Bf6 19.Bd6 Rf7 20.b5 axb5 21.axb5 Rg7 22.
bxc6 bxc6 23.Rb6 Rga7 24.Rfb1 Qd7 25.Qd1 Qf7 26.Rb8 Kg7 27.Qb3 Kg6 28.Rxa8
Rxa8 29.f3 exf3 30.Bxf3 Qa7 31.Bg4 Qa3 32.Qc2+ Kg7 33.Rb7+ Bf7 34.Rxf7+ 
1-0

[Event "16th EUR-ch"]
[Site "Jerusalem ISR"]
[Date "2015.02.24"]
[Round "1"]
[White "Bar, Aviv"]
[Black "Alexandrov, Alexei"]
[Result "0-1"]
[WhiteElo "2130"]
[BlackElo "2603"]
[EventDate "2015.02.24"]
[PlyCount "80"]

1.e4 e5 2.Nf3 Nc6 3.Bb5 a6 4.Ba4 Nf6 5.O-O Be7 6.d3 b5 7.Bb3 d6 8.a3 O-O 
9.Nc3 Bg4 10.Be3 Qd7 11.Nd5 Nxd5 12.Bxd5 Rad8 13.c3 Bf6 14.h3 Be6 15.Bxe6 
Qxe6 16.a4 h6 17.Nd2 Bg5 18.axb5 axb5 19.Bxg5 hxg5 20.Qb3 Qxb3 21.Nxb3 Ra8
22.Rxa8 Rxa8 23.Ra1 Rxa1+ 24.Nxa1 f6 25.Kf1 Kf7 26.Ke2 Ke6 27.Nb3 Nb8 28.
d4 Nd7 29.Kd3 d5 30.f3 c6 31.Nd2 c5 32.dxc5 Nxc5+ 33.Kc2 f5 34.b4 Na4 35.
Nb1 dxe4 36.fxe4 fxe4 37.g4 e3 38.Kd3 Nb2+ 39.Kxe3 Nc4+ 40.Ke4 g6 0-1

[Event "16th EUR-ch"]
[Site "Jerusalem ISR"]
[Date "2015.02.24"]
[Round "1"]
[White "Marin, Mihail"]
[Black "Kraus, Yair"]
[Result "1-0"]
[WhiteElo "2603"]
[BlackElo "2129"]
[EventDate "2015.02.24"]
[PlyCount "71"]

1.Nf3 d6 2.g3 e5 3.Bg2 f5 4.O-O Nf6 5.c4 Be7 6.Nc3 O-O 7.d4 e4 8.Ng5 c6 9.
d5 Na6 10.f3 exf3 11.Bxf3 Qb6+ 12.Kh1 Ng4 13.Bxg4 fxg4 14.Rxf8+ Bxf8 15.
Qd3 g6 16.Be3 Bf5 17.Qxf5 gxf5 18.Bxb6 axb6 19.Rf1 Bg7 20.Rxf5 Nc5 21.Nf7 
Bxc3 22.bxc3 Rxa2 23.Nxd6 cxd5 24.cxd5 Rxe2 25.Rg5+ Kf8 26.Rxg4 Nd3 27.Rh4
Re7 28.Rd4 Nc5 29.Kg2 Re2+ 30.Kh3 Ke7 31.Nc8+ Kd8 32.Nxb6 Ne4 33.d6 h5 34.
Rd5 Rb2 35.Na4 Ra2 36.Nc5 1-0

[Event "16th EUR-ch"]
[Site "Jerusalem ISR"]
[Date "2015.02.24"]
[Round "1"]
[White "Pogosian, Vladimir"]
[Black "Grigoryan, Karen"]
[Result "0-1"]
[WhiteElo "2124"]
[BlackElo "2596"]
[EventDate "2015.02.24"]
[PlyCount "70"]

1.e4 c5 2.Nc3 e6 3.Bc4 a6 4.d3 Nc6 5.Nf3 Nge7 6.Qe2 Nd4 7.Nxd4 cxd4 8.Nd1 
d5 9.Bb3 dxe4 10.dxe4 Nc6 11.O-O Bc5 12.Qh5 Be7 13.f4 Na5 14.Bd2 Nxb3 15.
axb3 Bd7 16.Rf3 g6 17.Qe5 Bf6 18.Qa5 b6 19.Qa3 a5 20.b4 Be7 21.Qb3 Bc6 22.
Nf2 axb4 23.Re1 Qc8 24.Qc4 O-O 25.Bxb4 Ra4 26.c3 Rd8 27.Qb3 Bxb4 28.cxb4 
Qa8 29.Nd3 Ra7 30.Ne5 Bxe4 31.Rg3 Ra1 32.Rxa1 Qxa1+ 33.Kf2 Qc1 34.Nd3 Qd2+
35.Kf1 Ra8 0-1

[Event "16th EUR-ch"]
[Site "Jerusalem ISR"]
[Date "2015.02.24"]
[Round "1"]
[White "Shimanov, Aleksandr"]
[Black "Henseler, Jorgen"]
[Result "1-0"]
[WhiteElo "2594"]
[BlackElo "2123"]
[EventDate "2015.02.24"]
[PlyCount "63"]

1.e4 c6 2.Nc3 d5 3.Nf3 Bg4 4.h3 Bxf3 5.Qxf3 e6 6.a3 Nd7 7.d3 g6 8.g3 Bg7 
9.Bg2 Ngf6 10.O-O O-O 11.Qe2 Qb6 12.Kh2 a5 13.f4 Rfd8 14.g4 Rac8 15.Bd2 
Qa6 16.Qf2 dxe4 17.dxe4 Qb6 18.Be3 Qc7 19.g5 Ne8 20.e5 Bf8 21.Ne4 Be7 22.
Rad1 Rb8 23.Rd3 b6 24.Rfd1 c5 25.c4 Rbc8 26.Nf6+ Ndxf6 27.gxf6 Bf8 28.Qd2 
Rxd3 29.Qxd3 Bh6 30.Qd7 Kf8 31.Qxc7 Rxc7 32.Rd8 1-0

[Event "16th EUR-ch"]
[Site "Jerusalem ISR"]
[Date "2015.02.24"]
[Round "1"]
[White "Berenboym, Igor"]
[Black "Hovhannisyan, Robert"]
[Result "0-1"]
[WhiteElo "2112"]
[BlackElo "2592"]
[EventDate "2015.02.24"]
[PlyCount "46"]

1.e4 c6 2.d4 d5 3.Nc3 dxe4 4.Nxe4 Bf5 5.Ng3 Bg6 6.Nf3 Nf6 7.Ne5 Nbd7 8.
Nxg6 hxg6 9.c3 e6 10.Bd3 Bd6 11.Qf3 Qa5 12.Bf4 Bxf4 13.Qxf4 O-O-O 14.O-O 
g5 15.Qf3 Rh4 16.Rfe1 g4 17.Qe3 Nd5 18.Qg5 Rdh8 19.Qxg7 Nf4 20.Bc2 Rxh2 
21.Re4 Qc7 22.Qxf7 Ne2+ 23.Rxe2 Rh1+ 0-1

[Event "16th EUR-ch"]
[Site "Jerusalem ISR"]
[Date "2015.02.24"]
[Round "1"]
[White "Ipatov, Alexander"]
[Black "Mdivani, Maka"]
[Result "1-0"]
[WhiteElo "2592"]
[BlackElo "2105"]
[EventDate "2015.02.24"]
[PlyCount "53"]

1.c4 d6 2.Nc3 Nf6 3.g3 g6 4.Bg2 Bg7 5.d4 O-O 6.Nf3 c6 7.O-O Bg4 8.h3 Bxf3 
9.exf3 Nbd7 10.f4 Qb6 11.b3 Rad8 12.Be3 Qa5 13.Bd2 Qb6 14.d5 e5 15.dxc6 
bxc6 16.Be3 Qc7 17.Rc1 Rfe8 18.Qc2 Nh5 19.f5 Nf8 20.Ne2 Nf6 21.g4 gxf5 22.
Qxf5 Ng6 23.Ng3 e4 24.Bd4 Nh4 25.Qg5 Ng6 26.Bxf6 Bxf6 27.Qxf6 1-0

[Event "16th EUR-ch"]
[Site "Jerusalem ISR"]
[Date "2015.02.24"]
[Round "1"]
[White "Drori, Dan"]
[Black "Svetushkin, Dmitry"]
[Result "0-1"]
[WhiteElo "2104"]
[BlackElo "2592"]
[EventDate "2015.02.24"]
[PlyCount "60"]

1.e4 c6 2.d4 d5 3.e5 Bf5 4.Nf3 e6 5.Be2 Ne7 6.O-O Bg6 7.Nh4 c5 8.dxc5 Nec6
9.Nxg6 hxg6 10.Be3 Qh4 11.h3 d4 12.Bd2 Bxc5 13.b4 Nxb4 14.Bxb4 Bxb4 15.Nd2
Bxd2 16.Qxd2 O-O 17.Rab1 Nc6 18.Rxb7 Nxe5 19.Qa5 Qe4 20.Ba6 Nc4 21.Qc5 Nb6
22.Rd1 e5 23.Re7 Rae8 24.Rxa7 Na4 25.Qc7 Nc3 26.Rd3 Qe1+ 27.Kh2 Ne2 28.h4 
Qg1+ 29.Kh3 Nf4+ 30.Kg4 f5+ 0-1

[Event "16th EUR-ch"]
[Site "Jerusalem ISR"]
[Date "2015.02.24"]
[Round "1"]
[White "Zlatin, Alexander"]
[Black "Iordachescu, Viorel"]
[Result "1/2-1/2"]
[WhiteElo "2086"]
[BlackElo "2590"]
[EventDate "2015.02.24"]
[PlyCount "93"]

1.e4 d5 2.exd5 Qxd5 3.d4 Nc6 4.Nf3 Bg4 5.Be2 O-O-O 6.Be3 e5 7.Nc3 Qa5 8.
Nxe5 Bxe2 9.Qxe2 Nxe5 10.dxe5 Qxe5 11.O-O Nf6 12.Qf3 Bb4 13.Ne2 Rhe8 14.
Nf4 Qf5 15.c3 Bd6 16.Rad1 g5 17.Nd3 Qxf3 18.gxf3 Nd5 19.Rfe1 Re6 20.Kg2 
Rh6 21.h3 Ne7 22.f4 f6 23.fxg5 fxg5 24.Nc5 Rg8 25.Ne4 Bf4 26.Bxf4 gxf4+ 
27.Kh2 Nf5 28.Rg1 Rhg6 29.Nf6 R8g7 30.Nh5 Rxg1 31.Rxg1 Rxg1 32.Kxg1 f3 33.
Kh2 h6 34.Ng3 Nd6 35.h4 Nc4 36.Ne4 Nxb2 37.Kg3 Kd7 38.Kxf3 Ke6 39.Nc5+ Kd5
40.Nxb7 Nd1 41.Kg4 Nxc3 42.Kh5 Ke5 43.Kxh6 Kf6 44.a3 Ne4 45.f3 Nd2 46.f4 
Ne4 47.Na5 1/2-1/2

[Event "16th EUR-ch"]
[Site "Jerusalem ISR"]
[Date "2015.02.24"]
[Round "1"]
[White "Vovk, Yuri"]
[Black "Aronin, Pavel"]
[Result "1-0"]
[WhiteElo "2588"]
[BlackElo "2085"]
[EventDate "2015.02.24"]
[PlyCount "53"]

1.d4 Nf6 2.Bg5 e6 3.Nf3 d5 4.Nbd2 Be7 5.e3 b6 6.Bd3 Bb7 7.Ne5 a6 8.f4 Ne4 
9.Qg4 g6 10.Nxe4 dxe4 11.Bc4 Qd6 12.O-O-O Bxg5 13.Qxg5 Qe7 14.Qg3 c6 15.h4
Nd7 16.h5 O-O-O 17.Qh4 Qxh4 18.Rxh4 Nxe5 19.fxe5 c5 20.dxc5 Rxd1+ 21.Kxd1 
gxh5 22.cxb6 Rg8 23.Rxh5 Rg7 24.b4 Kd8 25.a4 Ke7 26.Bf1 Kf8 27.Ke1 1-0

[Event "16th EUR-ch"]
[Site "Jerusalem ISR"]
[Date "2015.02.24"]
[Round "1"]
[White "Bochkarev, Yuriy"]
[Black "Bok, Benjamin"]
[Result "1-0"]
[WhiteElo "2076"]
[BlackElo "2587"]
[EventDate "2015.02.24"]
[PlyCount "197"]

1.d4 Nf6 2.Nf3 b6 3.g3 Bb7 4.Bg2 c5 5.c3 e6 6.O-O Be7 7.Bf4 O-O 8.Na3 Nc6 
9.Nc4 d5 10.Nce5 Nh5 11.Bd2 Bd6 12.Nxc6 Bxc6 13.Ne5 Bb7 14.e4 Nf6 15.exd5 
Nxd5 16.c4 cxd4 17.Nd3 Ba6 18.Qb3 Nc7 19.Bxa8 Qxa8 20.f3 Bb7 21.Bb4 Ne8 
22.c5 Bd5 23.Qd1 bxc5 24.Bxc5 Bxc5 25.Nxc5 Nf6 26.Qxd4 Bxf3 27.Nd7 Nxd7 
28.Qxd7 h6 29.Rac1 Bh5 30.Rc7 a5 31.Rfc1 Kh7 32.Qc6 Qb8 33.Qc5 Bg6 34.b3 
Qa8 35.Qc6 Qd8 36.Qc5 Qd2 37.Qf2 Rd8 38.Qxd2 Rxd2 39.a3 Rb2 40.R1c3 Rb1+ 
41.Kf2 Rb2+ 42.Kg1 Rb1+ 43.Kf2 Rb2+ 44.Kf3 Rxh2 45.R7c5 Bf5 46.Rxa5 g5 47.
Rac5 h5 48.b4 Rb2 49.b5 Kg6 50.a4 Ra2 51.b6 Rxa4 52.R5c4 Ra2 53.Rb4 Bh3 
54.b7 Bg2+ 55.Ke3 Bxb7 56.Rxb7 Ra5 57.Rbc7 Ra4 58.Kf3 Rb4 59.Kg2 Rb2+ 60.
Rc2 Rb6 61.Rf2 f6 62.Rfc2 Rb8 63.R7c6 Kf7 64.Rc7+ Kg6 65.Re7 Rb6 66.Rec7 
Rb8 67.R7c6 Kf7 68.Re2 Re8 69.Kf3 f5 70.Re3 Kf6 71.Ke2 Kf7 72.Kd3 Kf6 73.
Rd6 Kf7 74.Kd4 Kf6 75.Re1 g4 76.Rh1 Rh8 77.Rc6 Rh7 78.Kc5 Ra7 79.Rxh5 Ra3 
80.Rh6+ Kg5 81.Rcxe6 Rxg3 82.Kd4 Ra3 83.Rh1 Ra4+ 84.Ke3 f4+ 85.Kf2 Ra2+ 
86.Re2 g3+ 87.Kf1 Ra3 88.Rh8 Kg4 89.Re1 f3 90.Rc1 Rb3 91.Rc4+ Kf5 92.Rf8+ 
Ke5 93.Rc1 Ra3 94.Re1+ Kd6 95.Rd8+ Kc7 96.Rg8 f2 97.Rc1+ Kd6 98.Kg2 Re3 
99.Rf1 1-0

[Event "16th EUR-ch"]
[Site "Jerusalem ISR"]
[Date "2015.02.24"]
[Round "1"]
[White "Brkic, Ante"]
[Black "Nareznoy, David"]
[Result "1-0"]
[WhiteElo "2586"]
[BlackElo "2069"]
[EventDate "2015.02.24"]
[PlyCount "89"]

1.e4 e6 2.d4 d5 3.Nc3 Nf6 4.e5 Nfd7 5.f4 c5 6.Nf3 Nc6 7.Be3 cxd4 8.Nxd4 
Bc5 9.Qd2 a6 10.O-O-O O-O 11.Nb3 Bxe3 12.Qxe3 b5 13.h4 Qb6 14.Qe1 Nc5 15.
Nxc5 Qxc5 16.Bd3 Nb4 17.Kb1 Bd7 18.Ne2 Rfc8 19.Nd4 a5 20.h5 h6 21.g4 Kh8 
22.c3 Nxd3 23.Rxd3 b4 24.Qd2 Rab8 25.Rc1 a4 26.cxb4 Qxc1+ 27.Qxc1 Rxc1+ 
28.Kxc1 Rxb4 29.a3 Rc4+ 30.Kd2 Kg8 31.Ne2 f6 32.Rd4 Rc7 33.Nc3 Ra7 34.Rb4 
Kf7 35.Ke3 Ke7 36.Kd4 Ra5 37.Rb7 Ra8 38.f5 Rd8 39.Nxa4 exf5 40.gxf5 fxe5+ 
41.Kxe5 Ke8 42.Nc5 d4 43.Nxd7 d3 44.f6 gxf6+ 45.Ke6 1-0

[Event "16th EUR-ch"]
[Site "Jerusalem ISR"]
[Date "2015.02.24"]
[Round "1"]
[White "Chubar, Vladimir"]
[Black "Mchedlishvili, Mikheil"]
[Result "0-1"]
[WhiteElo "2066"]
[BlackElo "2586"]
[EventDate "2015.02.24"]
[PlyCount "58"]

1.Nf3 c5 2.b3 d5 3.e3 Nf6 4.Bb2 e6 5.Bb5+ Nbd7 6.Ne5 a6 7.Bxd7+ Nxd7 8.
Nxd7 Bxd7 9.Qh5 Bc6 10.O-O Qd7 11.d4 c4 12.bxc4 dxc4 13.Qe2 b5 14.e4 Be7 
15.Re1 O-O 16.Qg4 f5 17.exf5 exf5 18.Qh3 Bg5 19.Qc3 Rf6 20.Nd2 Rg6 21.f3 
Bxd2 22.Qxd2 Bxf3 23.g3 f4 24.Qxf4 Rf8 25.Qe5 Qh3 26.Re2 Bxe2 27.Qxe2 Re6 
28.Qd2 Ref6 29.Qe2 Rf2 0-1

[Event "16th EUR-ch"]
[Site "Jerusalem ISR"]
[Date "2015.02.24"]
[Round "1"]
[White "Nabaty, Tamir"]
[Black "Kerner, Michael"]
[Result "1-0"]
[WhiteElo "2585"]
[BlackElo "2063"]
[EventDate "2015.02.24"]
[PlyCount "83"]

1.e4 c5 2.Nf3 Nc6 3.d4 cxd4 4.Nxd4 g6 5.c4 Nf6 6.Nc3 d6 7.Be2 Nxd4 8.Qxd4 
Bg7 9.Be3 O-O 10.Qd2 Qa5 11.Rc1 Be6 12.f3 Rac8 13.O-O Nd7 14.Rfd1 f5 15.
exf5 Qxf5 16.Nb5 a6 17.Nd4 Bxd4 18.Bxd4 Qf4 19.Be3 Qf7 20.b3 Nf6 21.Re1 
Nh5 22.Bf1 Bd7 23.c5 d5 24.Bd4 e6 25.Bb2 Ng7 26.Qd4 h6 27.Bd3 Kh7 28.g4 
Rce8 29.Qe5 Re7 30.Re3 Qf4 31.Kg2 Ref7 32.Qxf4 Rxf4 33.Be5 R4f7 34.Kg3 h5 
35.h3 Kh6 36.f4 Rc8 37.Kh4 Rg8 38.Rg1 Bc8 39.Reg3 Rgf8 40.Bxg6 Rxf4 41.Bd3
Bd7 42.Rf3 1-0

[Event "16th EUR-ch"]
[Site "Jerusalem ISR"]
[Date "2015.02.24"]
[Round "1"]
[White "Zak, Arad"]
[Black "Parligras, Mircea-Emilian"]
[Result "0-1"]
[WhiteElo "2061"]
[BlackElo "2583"]
[EventDate "2015.02.24"]
[PlyCount "70"]

1.Nf3 d5 2.g3 Bg4 3.Bg2 e6 4.d4 Nf6 5.O-O Be7 6.c4 c6 7.Qb3 Qc8 8.Nc3 Nbd7
9.Nd2 O-O 10.e4 Nb6 11.exd5 cxd5 12.cxd5 Nbxd5 13.Nxd5 Nxd5 14.Nc4 Be2 15.
Ne3 Bxf1 16.Nxd5 exd5 17.Bxf1 Bf6 18.Be3 Rd8 19.Rc1 Qd7 20.Bg2 b6 21.a4 g6
22.a5 bxa5 23.Rc5 Rab8 24.Qd3 Rxb2 25.Bxd5 a4 26.Qc3 Rb1+ 27.Kg2 Be7 28.
Bc6 Qg4 29.Re5 Bf6 30.Qa5 Qd1 31.Re4 h5 32.Bg5 Qf1+ 33.Kf3 Qh1+ 34.Kf4 
Qc1+ 35.Kf3 Bxg5 0-1

[Event "16th EUR-ch"]
[Site "Jerusalem ISR"]
[Date "2015.02.24"]
[Round "1"]
[White "Banusz, Tamas"]
[Black "Zlotogorski, Itay"]
[Result "1-0"]
[WhiteElo "2582"]
[BlackElo "2033"]
[EventDate "2015.02.24"]
[PlyCount "43"]

1.Nf3 d5 2.d4 Nf6 3.c4 c6 4.Nbd2 Bf5 5.Nh4 Bg4 6.h3 Bh5 7.g4 Bg6 8.g5 Nh5 
9.Qb3 Qd7 10.e3 e6 11.Be2 Be7 12.Rg1 Na6 13.a3 Qc7 14.Qd1 Qh2 15.Ndf3 Qc7 
16.Ne5 Qa5+ 17.Bd2 Qb6 18.c5 Qxb2 19.Nhxg6 hxg6 20.Nd3 Qb5 21.a4 Qc4 22.
Ne5 1-0

[Event "16th EUR-ch"]
[Site "Jerusalem ISR"]
[Date "2015.02.24"]
[Round "1"]
[White "Kneler, Boris"]
[Black "Huzman, Alexander"]
[Result "0-1"]
[WhiteElo "2025"]
[BlackElo "2582"]
[EventDate "2015.02.24"]
[PlyCount "66"]

1.Nf3 Nf6 2.b3 g6 3.Bb2 Bg7 4.e3 O-O 5.c4 d6 6.Qc2 e5 7.d3 c5 8.Be2 Nc6 9.
a3 Ng4 10.h3 Nh6 11.Nc3 f5 12.Nd5 Be6 13.e4 Nd4 14.Nxd4 exd4 15.Nf4 Bd7 
16.g3 g5 17.Nd5 Nf7 18.O-O-O Rb8 19.h4 g4 20.Kb1 Ne5 21.Bc1 fxe4 22.dxe4 
Rxf2 23.Rhf1 d3 24.Rxd3 Nxd3 25.Qxd3 Rxf1 26.Bxf1 Qf8 27.Bf4 Re8 28.Bg2 
Kh8 29.Nc7 Qf6 30.e5 Rxe5 31.Bxe5 Qxe5 32.Kc1 Bf5 33.Qd5 Qe1+ 0-1

[Event "16th EUR-ch"]
[Site "Jerusalem ISR"]
[Date "2015.02.24"]
[Round "1"]
[White "Ter-Sahakyan, Samvel"]
[Black "Cohen Revivo, Alon"]
[Result "1-0"]
[WhiteElo "2580"]
[BlackElo "2022"]
[EventDate "2015.02.24"]
[PlyCount "119"]

1.e4 e6 2.d4 d5 3.Nc3 dxe4 4.Nxe4 Bd7 5.Nf3 Bc6 6.Bd3 Nd7 7.O-O Ngf6 8.Ng3
Bxf3 9.Qxf3 c6 10.b3 Be7 11.Bb2 O-O 12.Rad1 Re8 13.Rfe1 Bf8 14.h3 Qc7 15.
c4 Rad8 16.Bb1 b5 17.Rc1 Qb6 18.Ne4 Nxe4 19.Bxe4 c5 20.d5 e5 21.Re2 bxc4 
22.bxc4 g6 23.g4 Bh6 24.Rd1 Qd6 25.Bc3 Bf4 26.Bc2 Nb6 27.Rde1 f6 28.Bd3 
Rf8 29.h4 Rd7 30.Kh1 Rg7 31.Re4 g5 32.Qh3 Nc8 33.R4e2 Ne7 34.h5 h6 35.Qf3 
Nc8 36.Be4 Qa6 37.Bd3 Nd6 38.Rb2 Rb7 39.Rxb7 Qxb7 40.Qe2 Qc7 41.Rb1 Rb8 
42.Rb3 Rb7 43.Kg2 Qb8 44.Qb2 Rxb3 45.axb3 Qe8 46.Bg6 Qd7 47.Qe2 Kf8 48.b4 
cxb4 49.Bxb4 Kg8 50.c5 Nb5 51.d6 Nd4 52.Qc4+ Kg7 53.f3 Nc6 54.Bc3 Nd8 55.
Be4 Be3 56.c6 Qxd6 57.c7 Qd1 58.Qf1 Qd6 59.c8=Q Ne6 60.Qb7+ 1-0

[Event "16th EUR-ch"]
[Site "Jerusalem ISR"]
[Date "2015.02.24"]
[Round "1"]
[White "Tifferet, Shaked"]
[Black "Jojua, Davit"]
[Result "0-1"]
[WhiteElo "2001"]
[BlackElo "2579"]
[EventDate "2015.02.24"]
[PlyCount "62"]

1.e4 c5 2.Nf3 e6 3.d4 cxd4 4.Nxd4 a6 5.Nc3 b5 6.Bd3 Qb6 7.Nb3 Qc7 8.O-O 
Nf6 9.Qe2 b4 10.Nd1 Bb7 11.f4 a5 12.Kh1 h5 13.e5 Ng4 14.Nf2 Nc6 15.Nxg4 
hxg4 16.Qxg4 a4 17.Nd2 Nd4 18.c3 bxc3 19.Ne4 Nf5 20.bxc3 Bxe4 21.Bxe4 Qxc3
22.Bxf5 Qxa1 23.Qf3 Rc8 24.Be3 Qb2 25.Bb1 g6 26.Qg4 Bc5 27.Bxg6 Bxe3 28.f5
Rc1 29.Bxf7+ Kd8 30.Qf3 Qb1 31.Qa8+ Ke7 0-1

[Event "16th EUR-ch"]
[Site "Jerusalem ISR"]
[Date "2015.02.24"]
[Round "1"]
[White "Poleg, Dan"]
[Black "Dvoirys, Semen"]
[Result "1/2-1/2"]
[WhiteElo "1992"]
[BlackElo "2578"]
[EventDate "2015.02.24"]
[PlyCount "125"]

1.d4 Nf6 2.c4 e6 3.Nf3 b6 4.a3 Bb7 5.Nc3 d5 6.Bg5 Be7 7.Qa4+ c6 8.cxd5 
exd5 9.e3 Nbd7 10.Bd3 O-O 11.O-O h6 12.Bf4 b5 13.Qc2 a5 14.Rac1 b4 15.axb4
axb4 16.Na4 Ba6 17.b3 Ne4 18.Nd2 Ndf6 19.Nxe4 dxe4 20.Bxa6 Rxa6 21.Be5 Qd5
22.Bxf6 gxf6 23.Qe2 Ra5 24.Rc4 f5 25.Rfc1 Rd8 26.Qc2 Ra6 27.Nc5 Ra3 28.
Rxb4 Bxc5 29.Qxc5 Qxc5 30.dxc5 Rd3 31.Rb6 Rc3 32.Rd1 Rxc5 33.g3 Ra2 34.h3 
Rcc2 35.Rf1 Rab2 36.b4 Kg7 37.Kg2 h5 38.Rb7 Kf6 39.g4 fxg4 40.hxg4 hxg4 
41.Kg3 Kg6 42.Kxg4 Rxf2 43.Rxf2 Rxf2 44.Rc7 f5+ 45.Kh4 Rh2+ 46.Kg3 Rb2 47.
Kh4 Rc2 48.b5 Rh2+ 49.Kg3 Re2 50.Rxc6+ Kg5 51.Rc3 Rb2 52.Rc8 Rxb5 53.Rg8+ 
Kf6 54.Kf4 Rb1 55.Rf8+ Kg6 56.Rg8+ Kf7 57.Rg5 Ke6 58.Rg6+ Kd5 59.Kxf5 Rf1+
60.Kg4 Rf3 61.Rg8 Kc4 62.Rd8 Kc3 63.Rd7 1/2-1/2

[Event "16th EUR-ch"]
[Site "Jerusalem ISR"]
[Date "2015.02.24"]
[Round "1"]
[White "Michalik, Peter"]
[Black "Hochman, Elnatan"]
[Result "1/2-1/2"]
[WhiteElo "2576"]
[BlackElo "1976"]
[EventDate "2015.02.24"]
[PlyCount "60"]

1.e4 c5 2.Nf3 Nc6 3.Nc3 d6 4.d4 cxd4 5.Nxd4 e5 6.Nf3 Nf6 7.Bc4 Be7 8.O-O 
O-O 9.h3 a6 10.Bg5 b5 11.Bb3 Bb7 12.Re1 Na5 13.Bxf6 Bxf6 14.Bd5 Nc6 15.Qd2
Qc7 16.Nd1 Rac8 17.Ne3 Nd4 18.Nxd4 exd4 19.Ng4 Bxd5 20.Nxf6+ gxf6 21.exd5 
Qxc2 22.Qxd4 Qf5 23.Rad1 Rfe8 24.Rxe8+ Rxe8 25.Rd3 Re1+ 26.Kh2 Kf8 27.Rg3 
h5 28.Qd2 Re4 29.Ra3 Qe5+ 30.g3 Kg7 1/2-1/2

[Event "16th EUR-ch"]
[Site "Jerusalem ISR"]
[Date "2015.02.24"]
[Round "1"]
[White "Toporkova, Sofia"]
[Black "Stefansson, Hannes"]
[Result "0-1"]
[WhiteElo "1962"]
[BlackElo "2573"]
[EventDate "2015.02.24"]
[PlyCount "60"]

1.Nf3 Nf6 2.c4 b6 3.g3 Bb7 4.Bg2 g6 5.O-O Bg7 6.Nc3 O-O 7.d4 Ne4 8.Nxe4 
Bxe4 9.Be3 d6 10.Qd2 Nd7 11.Bh6 Nf6 12.Bxg7 Kxg7 13.Qf4 c5 14.g4 h6 15.h4 
Bb7 16.dxc5 bxc5 17.Bh3 Qd7 18.Kh2 Bc8 19.Nd2 Nxg4+ 20.Kg3 f5 21.Bxg4 fxg4
22.Qe3 Bb7 23.f3 gxf3 24.exf3 e5 25.Rh1 Rf4 26.h5 Raf8 27.Raf1 Bxf3 28.
Rxf3 Qg4+ 29.Kf2 Rxf3+ 30.Nxf3 e4 0-1

[Event "16th EUR-ch"]
[Site "Jerusalem ISR"]
[Date "2015.02.24"]
[Round "1"]
[White "Zhigalko, Andrey"]
[Black "Chazan, Yonatan"]
[Result "1-0"]
[WhiteElo "2572"]
[BlackElo "1961"]
[EventDate "2015.02.24"]
[PlyCount "74"]

1.e4 c5 2.Nf3 Nc6 3.Nc3 Nf6 4.Bb5 Qc7 5.d3 Nd4 6.a4 e6 7.h3 a6 8.Bc4 Nc6 
9.O-O Be7 10.Re1 d6 11.Bf4 e5 12.Bg5 Be6 13.Bxf6 Bxf6 14.Nd5 Bxd5 15.Bxd5 
O-O 16.c3 Rad8 17.Qb3 b6 18.Rad1 Rb8 19.g3 Ne7 20.Bc4 Qc8 21.d4 Nc6 22.
dxe5 Nxe5 23.Nxe5 Bxe5 24.Kg2 g5 25.Re3 Kg7 26.Rf3 f6 27.Rf5 b5 28.axb5 
axb5 29.Bd5 b4 30.Qc2 bxc3 31.bxc3 Qa6 32.h4 h6 33.Qd2 Qa3 34.hxg5 Qxc3 
35.gxh6+ Kh7 36.Qe2 Rb2 37.Qg4 Bd4 1-0

[Event "16th EUR-ch"]
[Site "Jerusalem ISR"]
[Date "2015.02.24"]
[Round "1"]
[White "Travinsky, Mark"]
[Black "Esen, Baris"]
[Result "0-1"]
[WhiteElo "1958"]
[BlackElo "2571"]
[EventDate "2015.02.24"]
[PlyCount "76"]

1.d4 Nf6 2.Nf3 c5 3.c4 g6 4.d5 Bg7 5.Nc3 O-O 6.e4 d6 7.h3 e5 8.Bg5 Na6 9.
Qd2 Nc7 10.Be2 a6 11.O-O Qe8 12.a4 Nd7 13.Bh6 f5 14.exf5 gxf5 15.Qg5 Qg6 
16.Bxg7 Kxg7 17.Qxg6+ hxg6 18.Ng5 Nf6 19.f4 exf4 20.Rxf4 Bd7 21.a5 Rab8 
22.Re1 Rfe8 23.Kf2 b6 24.axb6 Rxb6 25.Rb1 Reb8 26.Ke3 Rxb2 27.Rff1 R2b4 
28.Ra1 Rb3 29.Rfc1 Re8+ 30.Kd2 Rb2+ 31.Rc2 Rb4 32.Raa2 Bc8 33.Ra1 Nd7 34.
Rb1 Ne5 35.Rcb2 Nxc4+ 36.Bxc4 Rxc4 37.Rb6 Rd4+ 38.Kc2 f4 0-1

[Event "16th EUR-ch"]
[Site "Jerusalem ISR"]
[Date "2015.02.24"]
[Round "1"]
[White "Hansen, Sune Berg"]
[Black "Vardi, Shlomit"]
[Result "1-0"]
[WhiteElo "2571"]
[BlackElo "1945"]
[EventDate "2015.02.24"]
[PlyCount "85"]

1.Nf3 Nf6 2.g3 g6 3.b3 Bg7 4.Bb2 d6 5.d4 O-O 6.Bg2 c5 7.O-O Na6 8.c4 Bd7 
9.Nc3 Qa5 10.e3 Rab8 11.Qe2 Rfe8 12.Rfd1 Bc6 13.e4 cxd4 14.Nxd4 Bd7 15.
Ndb5 Ng4 16.a3 Be6 17.b4 Qb6 18.c5 dxc5 19.Na4 Qc6 20.e5 Qc8 21.Nxa7 Bc4 
22.Qxc4 Qf5 23.Qe2 cxb4 24.axb4 Nxb4 25.Bh3 h5 26.f3 Qc2 27.Qxc2 Nxc2 28.
fxg4 Nxa1 29.Rxa1 hxg4 30.Bxg4 Red8 31.Nb6 Rd2 32.Bc3 Rc2 33.Nd5 Ra8 34.
Nxe7+ Kh7 35.Nd5 Rxc3 36.Nxc3 Bxe5 37.Ra3 Bd4+ 38.Kg2 Rxa7 39.Rxa7 Bxa7 
40.Bc8 b6 41.Nd5 g5 42.Kf3 Kg6 43.Ne7+ 1-0

[Event "16th EUR-ch"]
[Site "Jerusalem ISR"]
[Date "2015.02.24"]
[Round "1"]
[White "Bronstein, Or"]
[Black "Yilmaz, Mustafa"]
[Result "0-1"]
[WhiteElo "1944"]
[BlackElo "2570"]
[EventDate "2015.02.24"]
[PlyCount "70"]

1.e4 c5 2.Nf3 d6 3.d4 cxd4 4.Nxd4 Nf6 5.Nc3 a6 6.g3 g6 7.Bg2 Bg7 8.O-O O-O
9.h3 Nc6 10.Nde2 Rb8 11.Be3 b5 12.f4 b4 13.Nd5 Nd7 14.Bc1 a5 15.g4 e6 16.
Ne3 Ba6 17.Re1 Qb6 18.Ng3 Rfd8 19.Kh1 a4 20.g5 Qc7 21.h4 Rbc8 22.f5 d5 23.
Qg4 d4 24.Nef1 Nce5 25.Qh3 Qxc2 26.fxe6 Nd3 27.exd7 Nf2+ 28.Kh2 Ra8 29.Kg1
Nxh3+ 30.Bxh3 d3 31.e5 Bb5 32.Bd2 Bxd7 33.Bxd7 Rxd7 34.Bxb4 Qxb2 35.a3 
Bxe5 0-1

[Event "16th EUR-ch"]
[Site "Jerusalem ISR"]
[Date "2015.02.24"]
[Round "1"]
[White "Kravtsiv, Martyn"]
[Black "Saadon, Netanel"]
[Result "1-0"]
[WhiteElo "2565"]
[BlackElo "1939"]
[EventDate "2015.02.24"]
[PlyCount "49"]

1.e4 c5 2.Nf3 e6 3.d4 cxd4 4.Nxd4 Nc6 5.Nc3 Qc7 6.Be2 a6 7.O-O Nf6 8.Kh1 
Bb4 9.Qd3 O-O 10.Bg5 Bxc3 11.bxc3 Qe5 12.f4 Qxe4 13.Qg3 Nxd4 14.Bxf6 Nf5 
15.Qg4 g6 16.Bd3 Qd5 17.Rf3 b5 18.Rh3 Bb7 19.Rg1 Rfc8 20.Qg5 a5 21.Be5 d6 
22.Bxf5 dxe5 23.Bxg6 fxg6 24.Qe7 Rc4 25.Rxh7 1-0

[Event "16th EUR-ch"]
[Site "Jerusalem ISR"]
[Date "2015.02.24"]
[Round "1"]
[White "Lukovski, Lev"]
[Black "Timofeev, Artyom"]
[Result "0-1"]
[WhiteElo "1932"]
[BlackElo "2564"]
[EventDate "2015.02.24"]
[PlyCount "48"]

1.f4 c5 2.b3 Nf6 3.Nf3 g6 4.Bb2 Bg7 5.e4 O-O 6.e5 Nd5 7.g3 d6 8.c4 Nc7 9.
d4 cxd4 10.Bxd4 Nc6 11.Bc3 dxe5 12.Qxd8 Rxd8 13.Nxe5 Nxe5 14.Bxe5 Bxe5 15.
fxe5 Bg4 16.Be2 Bxe2 17.Kxe2 Ne6 18.Na3 Nd4+ 19.Kf2 Nc6 20.e6 Rd2+ 21.Ke1 
Rad8 22.exf7+ Kf8 23.Nb5 Nb4 24.Na3 Rg2 0-1

[Event "16th EUR-ch"]
[Site "Jerusalem ISR"]
[Date "2015.02.24"]
[Round "1"]
[White "Mikhalevski, Victor"]
[Black "Westreich, Itay"]
[Result "0-1"]
[WhiteElo "2559"]
[BlackElo "1929"]
[EventDate "2015.02.24"]
[PlyCount "106"]

1.d4 d5 2.c4 e6 3.Nf3 c6 4.g3 Nf6 5.Bg2 dxc4 6.Ne5 Bb4+ 7.Bd2 Qxd4 8.Bxb4 
Qxe5 9.Na3 c5 10.Nxc4 Qc7 11.Ba5 Qd7 12.Nd6+ Ke7 13.Nxc8+ Qxc8 14.Rc1 Nfd7
15.Bc3 f6 16.Qa4 Nc6 17.Qg4 Kf7 18.Qh5+ g6 19.Qh4 Kg7 20.O-O Ne7 21.Rfd1 
Rf8 22.g4 h6 23.f4 Qc7 24.g5 Ng8 25.Rd3 Rad8 26.Be4 e5 27.Rcd1 c4 28.gxf6+
Ngxf6 29.Rh3 h5 30.fxe5 Nxe5 31.Rxd8 Rxd8 32.Qg5 Qc5+ 33.Kg2 Rd1 34.e3 
Rd2+ 35.Kf1 Rf2+ 36.Kg1 Nf3+ 37.Rxf3 Qxg5+ 38.Kxf2 Qh4+ 39.Ke2 Qxe4 40.
Bxf6+ Kf7 41.Bd4+ Ke6 42.Kf2 g5 43.Rf6+ Ke7 44.Rf3 g4 45.Rg3 Qc2+ 46.Kg1 
Qd1+ 47.Kf2 Qd2+ 48.Kf1 Qxh2 49.Rg2 Qh1+ 50.Kf2 Qd1 51.Bxa7 h4 52.Bb8 Qf3+
53.Kg1 g3 0-1

[Event "16th EUR-ch"]
[Site "Jerusalem ISR"]
[Date "2015.02.24"]
[Round "1"]
[White "Iliaguev, Nisim"]
[Black "Can, Emre"]
[Result "0-1"]
[WhiteElo "1926"]
[BlackElo "2555"]
[EventDate "2015.02.24"]
[PlyCount "89"]

1.e4 c5 2.Nf3 Nc6 3.d4 cxd4 4.Nxd4 g6 5.Nc3 Bg7 6.Be3 Nf6 7.Be2 O-O 8.O-O 
d5 9.exd5 Nxd5 10.Nxd5 Qxd5 11.Bf3 Qc4 12.Nxc6 bxc6 13.c3 Rb8 14.Qd2 a5 
15.b3 Qa6 16.Bc5 Bf6 17.Rad1 Be6 18.Rfe1 a4 19.b4 Qc4 20.Bd4 Rfd8 21.a3 
Rd6 22.Qe3 Bxd4 23.cxd4 Rbd8 24.Rc1 Qa6 25.Red1 Bb3 26.Rd2 e6 27.h3 Bd5 
28.Be2 Qa7 29.Rc5 Qd7 30.Bd1 Ra8 31.Bc2 Bb3 32.Bxb3 axb3 33.Qxb3 Rxd4 34.
Rxd4 Qxd4 35.Rxc6 Qa1+ 36.Kh2 Rxa3 37.Qc4 Qe5+ 38.f4 Qe3 39.Qc1 Qg3+ 40.
Kh1 Re3 41.Rc8+ Kg7 42.Qb2+ e5 43.Rc1 Qxf4 44.b5 Qe4 45.Rc3 0-1